| 000 | 00539nam a2200169 a 4500 | ||
|---|---|---|---|
| 001 | 000031922 | ||
| 005 | 20200930063302.0 | ||
| 008 | 110707s200u dr a 000 0 spa d | ||
| 040 |
_aDO-SdBNP _bspa _cBNPHU |
||
| 082 |
_axxxx _bF981i |
||
| 110 | 1 |
_aFundación Agricultura y Medio Ambiente _958083 |
|
| 245 | 1 | 3 |
_aLa importancia de la materia orgánica en los suelos / _ceditora Andrea Brechelt. |
| 260 |
_aSanto Domingo : _bFAMA, _c[200-?]. |
||
| 300 |
_a10 p. : _bil. ; _c22 cm. |
||
| 700 | 1 |
_aBrechelt, Andrea, _eed. _922300 |
|
| 049 | _aBNPD | ||
| 999 |
_c31413 _d31413 |
||